000 00560nam a2200193Ia 4500
005 20250326143520.0
008 250326s9999 xx 000 0 und d
020 _a0-87389-379-4
037 _aTextbook
040 _aFMSL
_beng
_cFMSL
041 _aeng
_2eng
084 _aX:89Q8 N7
_qFMSL
100 _aDennis P
_9698599
245 0 _aQuality, safety and environment : synergy in the 21st century
_cDennis P
260 _aWisconsin
_bWisconsin, ASQC Quality
_c1997
300 _a213p
942 _cTB
_hX:89Q8 N7
999 _c1299901
_d1299901